000 00578nam a2200181Ia 4500
008 151018s9999 xx 000 0 und d
082 _bRBASDV4966
_a891.463
100 _aसुगंधा शेंडे
245 _aमातीचा सुगंध
250 _b1
260 _bशरदचंद्र टोंगो
_c1960
300 _a30
600 _aसुगंधा शेंडे
630 _aमातीचा सुगंध
700 _aसुगंधा शेंडे
730 _aमातीचा सुगंध
942 _cBOOK
999 _c1007350
_d1007347